[Event "Szolnok Agora op 2nd"]
[Site "Szolnok"]
[Date "2023.06.30"]
[Round "3"]
[White "Kunos, Zoltan"]
[Black "Schmied, Erik Rajmund"]
[Result "1-0"]
[WhiteElo "2074"]
[BlackElo "1582"]
[PlyCount "59"]
[EventDate "2023.06.29"]
[EventType "swiss"]
[EventRounds "7"]
[EventCountry "HUN"]
[SourceTitle "EXT 2024"]
[Source "ChessBase"]
[SourceDate "2023.10.10"]
[SourceVersion "1"]
[SourceVersionDate "2023.10.10"]
[SourceQuality "1"]

1. d4 Nf6 2. Nc3 d5 3. Bf4 a6 4. e3 e6 5. Nf3 Bd6 6. Ne5 Nbd7 7. Bd3 0-0 8. g4 Bxe5 9. dxe5 Ne8 10. Qf3 Nc5 11. 0-0-0 Nxd3+ 12. Rxd3 f6 13. exf6 Nxf6 14. g5 Nd7 15. Qg3 Rf5 16. e4 dxe4 17. Nxe4 e5 18. Bxe5 Qe7 19. Nf6+ Kh8 20. Nxd7 Bxd7 21. f4 Bc6 22. Rhd1 Raf8 23. Qh4 Kg8 24. Rh3 g6 25. Kb1 Bf3 26. Rxf3 Rxe5 27. fxe5 Rxf3 28. Qc4+ Kg7 29. e6 b5 30. Qe2 1-0

[Event "Szolnok op"]
[Site "Szolnok"]
[Date "2022.06.19"]
[Round "7"]
[White "La Barbera, Manfredi"]
[Black "Kunos, Zoltan"]
[Result "1-0"]
[WhiteElo "1858"]
[BlackElo "2027"]
[PlyCount "71"]
[EventDate "2022.06.16"]
[EventType "swiss"]
[EventRounds "7"]
[EventCountry "HUN"]
[SourceTitle "CBM 209 Extra"]
[Source "ChessBase"]
[SourceDate "2022.09.30"]
[SourceVersion "1"]
[SourceVersionDate "2022.09.30"]
[SourceQuality "1"]

1. e4 Nf6 2. e5 Nd5 3. d4 d6 4. c4 Nb6 5. exd6 cxd6 6. Nc3 g6 7. Be3 Bg7 8. Rc1 0-0 9. b3 e5 10. dxe5 dxe5 11. Qxd8 Rxd8 12. c5 N6d7 13. Bc4 Nc6 14. Nf3 Nf8 15. Ng5 Rd7 16. Nb5 h6 17. Ne4 Kh7 18. Ned6 f5 19. Ne8 Bh8 20. Nbc7 Rb8 21. Nd5 Rxd5 22. Bxd5 Nb4 23. Bc4 Be6 24. Nd6 e4 25. Bd2 Nc6 26. Bc3 Ne5 27. Bxe5 Bxe5 28. 0-0 Bxc4 29. Rxc4 Ne6 30. Rd1 Rd8 31. Rd5 Bg7 32. g3 Ng5 33. Rb4 Nf3+ 34. Kg2 Rg8 35. Rxb7 Ne1+ 36. Kf1 1-0

[Event "Szolnok op"]
[Site "Szolnok"]
[Date "2022.06.18"]
[Round "6"]
[White "Kunos, Zoltan"]
[Black "Udvardi, Istvan Jr"]
[Result "1/2-1/2"]
[WhiteElo "2027"]
[BlackElo "1878"]
[PlyCount "92"]
[EventDate "2022.06.16"]
[EventType "swiss"]
[EventRounds "7"]
[EventCountry "HUN"]
[SourceTitle "CBM 209 Extra"]
[Source "ChessBase"]
[SourceDate "2022.09.30"]
[SourceVersion "1"]
[SourceVersionDate "2022.09.30"]
[SourceQuality "1"]

1. d4 Nf6 2. Nc3 e6 3. e4 d5 4. exd5 exd5 5. Bd3 c6 6. Bf4 Bd6 7. Bg3 Bxg3 8. hxg3 b6 9. Qd2 Qe7+ 10. Kf1 Ne4 11. Nxe4 dxe4 12. Bxe4 Qxe4 13. Nf3 Qf5 14. Re1+ Kd8 15. Re5 Qf6 16. Rh4 Nd7 17. Kg1 h6 18. Ng5 Qg6 19. Re1 Re8 20. Rhe4 Rxe4 21. Nxe4 f5 22. Nc3 Ba6 23. Qe3 Qf7 24. Qf3 Rc8 25. Qf4 g5 26. Qd6 Qf8 27. Qe6 Qf6 28. Qb3 Qxd4 29. Qa3 Qc4 30. Qe7+ Kc7 31. Rd1 Rd8 32. Qd6+ Kc8 33. Qxh6 g4 34. Qg7 Qe6 35. Qd4 Bc4 36. b3 Bd5 37. a4 Qe5 38. Nxd5 Qxd5 39. Qxd5 cxd5 40. Rxd5 Rf8 41. Kf1 Kc7 42. Ke2 Kc6 43. Rd4 Re8+ 44. Kd2 Nc5 45. f3 gxf3 46. gxf3 Re5 1/2-1/2

[Event "HUN-chT2 Toth 1819"]
[Site "Hungary"]
[Date "2019.02.24"]
[Round "8.7"]
[White "Brhlik, Gyorgy"]
[Black "Kunos, Zoltan"]
[Result "0-1"]
[WhiteElo "1886"]
[BlackElo "1955"]
[PlyCount "156"]
[EventDate "2018.09.23"]
[EventType "team-tourn"]
[EventRounds "11"]
[EventCountry "HUN"]
[SourceTitle "EXT 2021"]
[Source "ChessBase"]
[SourceDate "2020.10.23"]
[SourceVersion "1"]
[SourceVersionDate "2020.10.23"]
[SourceQuality "1"]
[WhiteTeam "Bekes"]
[BlackTeam "Oroshaza"]
[WhiteTeamCountry "HUN"]
[BlackTeamCountry "HUN"]

1. Nf3 g6 2. d4 Bg7 3. Bf4 d5 4. c4 Nf6 5. e3 0-0 6. Nc3 c6 7. Bd3 Nbd7 8. Rc1 dxc4 9. Bxc4 Nb6 10. Bd3 Nbd5 11. Be5 Nh5 12. Bxg7 Nxg7 13. 0-0 Qd6 14. a3 Nxc3 15. Rxc3 f6 16. Qc2 Be6 17. Nd2 Bd5 18. Rd1 Rad8 19. Be4 Bf7 20. Bf3 f5 21. Nb3 Ne6 22. h4 Qb8 23. g3 Nc7 24. Rc5 Rd6 25. Nd2 Ne6 26. Rc3 Nc7 27. Bg2 Bd5 28. Bxd5+ Nxd5 29. Rc5 Re6 30. Nf1 Kh8 31. b4 a6 32. Qd3 Qe8 33. Rc2 Qf7 34. Nh2 Qf6 35. Nf3 h6 36. Ne5 Rd6 37. f4 Qg7 38. Rh2 Nf6 39. Rg2 h5 40. Re1 Rd5 41. Qc2 Rfd8 42. Nd3 e6 43. Nc5 Qe7 44. Qb3 Ra8 45. a4 b6 46. Nd3 Kh7 47. Rc2 Qe8 48. Ne5 Rc8 49. Rec1 Rd6 50. Nc4 Rdd8 51. Nxb6 Rc7 52. a5 Ne4 53. Kg2 Rd6 54. Nc4 Rd5 55. Ne5 Qa8 56. Kh2 Rd6 57. Qa4 c5 58. bxc5 Rd8 59. Rb1 Nf6 60. Rb6 Qe4 61. Re2 Nd5 62. Rb3 Nf6 63. Qc4 Ng4+ 64. Nxg4 hxg4 65. Qc2 Qd5 66. Rb6 Kg7 67. Rxa6 Rh8 68. Rf2 Rcc8 69. Rd6 Qa8 70. Qc4 Rce8 71. c6 Qxa5 72. Rxe6 Qe1 73. Re2 Qf1 74. Rxe8 Rxe8 75. Qd3 Ra8 76. d5 Qh3+ 77. Kg1 Ra1+ 78. Re1 Qxg3+ 0-1

[Event "HUN-chT2 Toth 1819"]
[Site "Hungary"]
[Date "2019.01.27"]
[Round "6.8"]
[White "Kunos, Zoltan"]
[Black "Szili, Istvan"]
[Result "1/2-1/2"]
[WhiteElo "1955"]
[BlackElo "1943"]
[PlyCount "89"]
[EventDate "2018.09.23"]
[EventType "team-tourn"]
[EventRounds "11"]
[EventCountry "HUN"]
[SourceTitle "EXT 2021"]
[Source "ChessBase"]
[SourceDate "2020.10.23"]
[SourceVersion "1"]
[SourceVersionDate "2020.10.23"]
[SourceQuality "1"]
[WhiteTeam "Oroshaza"]
[BlackTeam "Kecskemet Takisz"]
[WhiteTeamCountry "HUN"]
[BlackTeamCountry "HUN"]

1. e4 e6 2. d4 d5 3. Bd3 dxe4 4. Bxe4 Nf6 5. Bf3 c5 6. Ne2 Be7 7. 0-0 0-0 8. Nbc3 Nc6 9. Be3 Qa5 10. Qc1 Rd8 11. Rd1 c4 12. Ng3 Nd5 13. Nxd5 exd5 14. c3 b5 15. Qc2 g6 16. Re1 Qc7 17. Qd2 Be6 18. Ne2 Bd6 19. h3 a5 20. Nf4 Bf8 21. Nxe6 fxe6 22. Bf4 Bd6 23. Bg5 Re8 24. Bg4 Qf7 25. Bh6 e5 26. dxe5 Nxe5 27. Be2 Bc5 28. Bf1 d4 29. Kh1 dxc3 30. bxc3 Qxf2 31. Qxf2 Bxf2 32. Red1 Nf7 33. Bf4 Re4 34. g3 Rae8 35. Rd5 Re1 36. Rxe1 Bxe1 37. Rxb5 Bxc3 38. Bxc4 Bb4 39. Rb7 Re7 40. Rb5 Kg7 41. Kg2 h6 42. Rb6 Ne5 43. Bf1 g5 44. Bxe5+ Rxe5 45. Rc6 1/2-1/2

[Event "HUN-chT2 Toth 1819"]
[Site "Hungary"]
[Date "2018.10.07"]
[Round "1.8"]
[White "Kunos, Zoltan"]
[Black "Balassy, Gabor"]
[Result "1-0"]
[WhiteElo "1955"]
[BlackElo "1818"]
[PlyCount "81"]
[EventDate "2018.09.23"]
[EventType "team-tourn"]
[EventRounds "11"]
[EventCountry "HUN"]
[SourceTitle "EXT 2021"]
[Source "ChessBase"]
[SourceDate "2020.10.23"]
[SourceVersion "1"]
[SourceVersionDate "2020.10.23"]
[SourceQuality "1"]
[WhiteTeam "Oroshaza"]
[BlackTeam "Mako Duocor II"]
[WhiteTeamCountry "HUN"]
[BlackTeamCountry "HUN"]

1. d4 d5 2. Bf4 c5 3. dxc5 e6 4. e3 Bxc5 5. Nd2 Nf6 6. Ngf3 Nc6 7. Be2 a6 8. 0-0 0-0 9. Nb3 Bd6 10. Bg5 h6 11. Bh4 Be7 12. Nbd4 Nxd4 13. exd4 Ne4 14. Bxe7 Qxe7 15. Bd3 Nd6 16. Re1 Bd7 17. Ne5 Bb5 18. Re3 Bxd3 19. Rxd3 Nc4 20. Nxc4 dxc4 21. Rg3 Rfd8 22. Qe2 Rac8 23. c3 Rd5 24. f4 Qf6 25. Rf1 b5 26. Re3 b4 27. Re5 bxc3 28. bxc3 Rxe5 29. fxe5 Qe7 30. Qb2 Qc7 31. Rb1 Qa5 32. h3 Qc7 33. Kf1 Qc6 34. Qb7 Qxb7 35. Rxb7 Rc6 36. Ke2 g5 37. a4 Kg7 38. Ke3 Kg6 39. g4 f5 40. exf6 Kxf6 41. Ke4 1-0

[Event "HUN-chT2 Toth 1718"]
[Site "Hungary"]
[Date "2017.12.17"]
[Round "6.7"]
[White "Kunos, Zoltan"]
[Black "Varadi, Laszlo"]
[Result "1/2-1/2"]
[WhiteElo "2005"]
[BlackElo "2088"]
[PlyCount "47"]
[EventDate "2017.09.24"]
[EventType "team-tourn"]
[EventRounds "11"]
[EventCountry "HUN"]
[SourceTitle "EXT 2021"]
[Source "ChessBase"]
[SourceDate "2020.10.23"]
[SourceVersion "1"]
[SourceVersionDate "2020.10.23"]
[SourceQuality "1"]
[WhiteTeam "Oroshaza"]
[BlackTeam "Ujszasz"]
[WhiteTeamCountry "HUN"]
[BlackTeamCountry "HUN"]

1. e4 d5 2. exd5 Nf6 3. Nc3 Nxd5 4. Qf3 e6 5. Nxd5 exd5 6. d4 Be7 7. Bd3 c6 8. Ne2 Nd7 9. c3 Nf6 10. h3 Be6 11. Nf4 Qd7 12. Be3 Bf5 13. Bxf5 Qxf5 14. 0-0-0 0-0-0 15. g4 Qe4 16. Qxe4 Nxe4 17. f3 Nd6 18. Nd3 Rde8 19. Bf4 g5 20. Bg3 Nc4 21. Rde1 Bd6 22. Bxd6 Nxd6 23. b3 f6 24. Kd2 1/2-1/2

[Event "HUN-chT2 Toth 1516"]
[Site "Hungary"]
[Date "2016.02.14"]
[Round "7.11"]
[White "Farkas, Boldizsar"]
[Black "Kunos, Zoltan"]
[Result "0-1"]
[WhiteElo "1469"]
[BlackElo "1851"]
[PlyCount "66"]
[EventDate "2015.09.13"]
[EventType "team-tourn"]
[EventRounds "11"]
[EventCountry "HUN"]
[SourceTitle "EXT 2017"]
[Source "ChessBase"]
[SourceDate "2016.10.25"]
[SourceVersion "1"]
[SourceVersionDate "2016.10.25"]
[SourceQuality "1"]
[WhiteTeam "Roszke"]
[BlackTeam "Oroshaza"]
[WhiteTeamCountry "HUN"]
[BlackTeamCountry "HUN"]

1. b4 a5 2. b5 e6 3. Bb2 Nf6 4. e3 d5 5. Nf3 Bd6 6. Be2 Nbd7 7. 0-0 0-0 8. a4 Re8 9. d3 b6 10. Nbd2 Bb7 11. c4 Rc8 12. Qc2 e5 13. d4 e4 14. Ng5 c6 15. bxc6 Bxc6 16. Qb3 h6 17. Nh3 Qc7 18. f4 exf3 19. Nxf3 dxc4 20. Bxc4 Rf8 21. Rac1 Qb8 22. d5 Bb7 23. Nf2 Rfe8 24. Qd3 Ne5 25. Nxe5 Bxe5 26. Bxe5 Qxe5 27. d6 Rcd8 28. Bb5 Rxd6 29. Qa3 Re7 30. Nd3 Qxe3+ 31. Kh1 Rde6 32. Bc4 Qh3 33. Qa2 Ng4 0-1

[Event "HUN-chT2 Toth 1516"]
[Site "Hungary"]
[Date "2015.11.29"]
[Round "5.10"]
[White "Kunos, Zoltan"]
[Black "Hideg, Ferenc Bendeguz"]
[Result "1-0"]
[WhiteElo "1851"]
[BlackElo "1474"]
[PlyCount "61"]
[EventDate "2015.09.13"]
[EventType "team-tourn"]
[EventRounds "11"]
[EventCountry "HUN"]
[SourceTitle "CBM 170 Extra"]
[Source "ChessBase"]
[SourceDate "2016.02.25"]
[SourceVersion "1"]
[SourceVersionDate "2016.02.25"]
[SourceQuality "1"]
[WhiteTeam "Oroshaza"]
[BlackTeam "Felegyhaza Csongrad"]
[WhiteTeamCountry "HUN"]
[BlackTeamCountry "HUN"]

1. e4 d6 2. g3 Nf6 3. Bg2 c6 4. Ne2 Nbd7 5. 0-0 e5 6. Nbc3 Be7 7. d3 0-0 8. Kh1 Qc7 9. f4 a6 10. f5 b5 11. a3 Bb7 12. Bf3 d5 13. g4 dxe4 14. dxe4 Rfd8 15. Qe1 Nb6 16. g5 Nfd7 17. Qg3 f6 18. Rg1 Kh8 19. g6 h6 20. Qh4 Kg8 21. Bxh6 gxh6 22. Qxh6 Nf8 23. g7 Nh7 24. Rg3 Bc5 25. Bh5 Rd7 26. Bg6 Rxg7 27. Bxh7+ Kf8 28. Rg6 Nc4 29. Rxf6+ Ke8 30. Bg6+ Kd8 31. Qh8+ 1-0

[Event "HUN-chT2 Toth 1516"]
[Site "Hungary"]
[Date "2015.11.08"]
[Round "4.11"]
[White "Kunos, Zoltan"]
[Black "Muhari, Gabor"]
[Result "1-0"]
[WhiteElo "1851"]
[BlackElo "1920"]
[PlyCount "51"]
[EventDate "2015.09.13"]
[EventType "team-tourn"]
[EventRounds "11"]
[EventCountry "HUN"]
[SourceTitle "CBM 170 Extra"]
[Source "ChessBase"]
[SourceDate "2016.02.25"]
[SourceVersion "1"]
[SourceVersionDate "2016.02.25"]
[SourceQuality "1"]
[WhiteTeam "Oroshaza"]
[BlackTeam "Ujszasz"]
[WhiteTeamCountry "HUN"]
[BlackTeamCountry "HUN"]

1. e4 c5 2. Nf3 Nc6 3. d4 cxd4 4. Nxd4 g6 5. g3 Bg7 6. Be3 d6 7. Bg2 Bd7 8. 0-0 Ne5 9. Nc3 Nf6 10. Re1 0-0 11. h3 a6 12. Bf1 Rc8 13. Rb1 b5 14. Bg2 Nc4 15. Bc1 e5 16. Nb3 Ne8 17. Kh2 f5 18. exf5 Rxf5 19. Kg1 Nf6 20. g4 Nxg4 21. hxg4 Rf8 22. Ne4 Qh4 23. f3 Bc6 24. Bg5 Qxg5 25. Nxg5 d5 26. Ne6 1-0

[Event "HUN-chT2 Toth 1516"]
[Site "Hungary"]
[Date "2015.09.13"]
[Round "1.9"]
[White "Martonosi, Adam"]
[Black "Kunos, Zoltan"]
[Result "0-1"]
[WhiteElo "1868"]
[BlackElo "1851"]
[PlyCount "66"]
[EventDate "2015.09.13"]
[EventType "team-tourn"]
[EventRounds "11"]
[EventCountry "HUN"]
[SourceTitle "CBM 170 Extra"]
[Source "ChessBase"]
[SourceDate "2016.02.25"]
[SourceVersion "1"]
[SourceVersionDate "2016.02.25"]
[SourceQuality "1"]
[WhiteTeam "Mako SVSE II"]
[BlackTeam "Oroshaza"]
[WhiteTeamCountry "HUN"]
[BlackTeamCountry "HUN"]

1. c4 g6 2. g3 Bg7 3. Bg2 e5 4. Nc3 Ne7 5. Nf3 0-0 6. d3 c6 7. 0-0 d5 8. cxd5 cxd5 9. Bg5 f6 10. Bd2 Nbc6 11. Rc1 Be6 12. Na4 b6 13. b4 Qd7 14. b5 Nd8 15. Bb4 Rf7 16. Nc3 Nb7 17. a4 h6 18. Qc2 Rc8 19. Qb2 f5 20. Qa3 Nc5 21. Rfd1 d4 22. Nb1 Nb3 23. Rxc8+ Nxc8 24. Nfd2 Nxd2 25. Nxd2 Ne7 26. Rc1 Nd5 27. Nc4 Nxb4 28. Qxb4 Bd5 29. Nd6 Bxg2 30. Kxg2 Bf8 31. Rc6 Qe6 32. Nxf7 Qd5+ 33. Kg1 Bxb4 0-1

[Event "HUN-chT2 Toth 1314"]
[Site "Hungary"]
[Date "2014.03.02"]
[Round "8.10"]
[White "Kunos, Zoltan"]
[Black "Gomori, Mihaly"]
[Result "1-0"]
[WhiteElo "1688"]
[BlackElo "1954"]
[PlyCount "81"]
[EventDate "2013.09.08"]
[EventType "team-tourn"]
[EventRounds "11"]
[EventCountry "HUN"]
[SourceTitle "EXT 2016"]
[Source "ChessBase"]
[SourceDate "2015.10.08"]
[SourceVersion "1"]
[SourceVersionDate "2015.10.08"]
[SourceQuality "1"]
[WhiteTeam "Oroshaza"]
[BlackTeam "Kecskemet Takisz"]
[WhiteTeamCountry "HUN"]
[BlackTeamCountry "HUN"]

1. Nf3 Nc6 2. g3 g6 3. Bg2 Bg7 4. d4 d5 5. c3 Nf6 6. Bg5 0-0 7. 0-0 Ne4 8. Be3 Be6 9. Nbd2 Nd6 10. Bf4 Qd7 11. Ng5 Rad8 12. Nxe6 fxe6 13. e4 Nxe4 14. Nxe4 dxe4 15. Bxe4 Kh8 16. Qb3 Na5 17. Qb4 b6 18. Rad1 Rxf4 19. gxf4 Bh6 20. d5 exd5 21. Rxd5 Qg4+ 22. Kh1 Rxd5 23. Bxd5 e6 24. Bg2 c5 25. Qe4 Bxf4 26. h3 Qf5 27. Qxf5 gxf5 28. b3 Kg7 29. Rd1 Kf6 30. Rd7 e5 31. Rxa7 e4 32. Rxh7 c4 33. b4 Nb3 34. Rd7 Ke6 35. Rd1 Nd2 36. a4 Kd6 37. h4 Kc6 38. Bh3 e3 39. fxe3 Bxe3 40. Bxf5 Nf3 41. Be4+ 1-0

[Event "HUN-chT2 Toth 1314"]
[Site "Hungary"]
[Date "2014.02.02"]
[Round "6.10"]
[White "Kunos, Zoltan"]
[Black "Varga, Tamas"]
[Result "0-1"]
[WhiteElo "1688"]
[BlackElo "1853"]
[PlyCount "110"]
[EventDate "2013.09.08"]
[EventType "team-tourn"]
[EventRounds "11"]
[EventCountry "HUN"]
[SourceTitle "EXT 2016"]
[Source "ChessBase"]
[SourceDate "2015.10.08"]
[SourceVersion "1"]
[SourceVersionDate "2015.10.08"]
[SourceQuality "1"]
[WhiteTeam "Oroshaza"]
[BlackTeam "Bekes"]
[WhiteTeamCountry "HUN"]
[BlackTeamCountry "HUN"]

1. Nf3 f5 2. g3 g6 3. Bg2 Nf6 4. d3 Bg7 5. Nbd2 0-0 6. 0-0 Nc6 7. e4 d6 8. exf5 Bxf5 9. Ng5 d5 10. Nb3 h6 11. Nf3 e5 12. Nh4 Ne7 13. Nc5 Qd6 14. Nxf5 Nxf5 15. Nb3 g5 16. Kh1 c6 17. f4 exf4 18. gxf4 g4 19. d4 b6 20. Qd3 Ne8 21. Bd2 Nc7 22. Rae1 h5 23. Re5 Bxe5 24. fxe5 Qg6 25. Bb4 Rf7 26. Bd6 Ne8 27. c4 h4 28. Qe2 Nexd6 29. exd6 Nxd6 30. Rxf7 Nxf7 31. cxd5 h3 32. Bf1 cxd5 33. Nd2 Nd6 34. Qe5 Nf7 35. Qxd5 Rd8 36. Qc4 Qg5 37. Ne4 Qf4 38. Ng3 Qxd4 39. Qe2 Qf4 40. Qc2 Qf3+ 41. Kg1 Qe3+ 42. Kh1 Qg5 43. Bc4 Qf6 44. Bf1 Qe6 45. b3 Qd5+ 46. Kg1 Qc5+ 47. Qxc5 bxc5 48. Bc4 Kf8 49. Ne4 Ne5 50. Kf2 Nxc4 51. bxc4 Rd4 52. Nxc5 Rxc4 53. Ne6+ Ke7 54. Ng5 Rc2+ 55. Kg3 Rxa2 0-1

[Event "HUN-chT2 Toth 1314"]
[Site "Hungary"]
[Date "2013.10.20"]
[Round "3.11"]
[White "Szel, Alexandru"]
[Black "Kunos, Zoltan"]
[Result "0-1"]
[WhiteElo "1716"]
[BlackElo "1688"]
[PlyCount "68"]
[EventDate "2013.09.08"]
[EventType "team-tourn"]
[EventRounds "11"]
[EventCountry "HUN"]
[SourceTitle "EXT 2016"]
[Source "ChessBase"]
[SourceDate "2015.10.08"]
[SourceVersion "1"]
[SourceVersionDate "2015.10.08"]
[SourceQuality "1"]
[WhiteTeam "Csongrad Felegyhaza"]
[BlackTeam "Oroshaza"]
[WhiteTeamCountry "HUN"]
[BlackTeamCountry "HUN"]

1. d4 Nf6 2. c4 g6 3. Nc3 Bg7 4. e4 d6 5. Nf3 Nbd7 6. Be2 0-0 7. 0-0 b6 8. Qc2 Bb7 9. Rd1 c6 10. e5 Ne8 11. Bf4 d5 12. Qb3 Nc7 13. a4 Rb8 14. cxd5 cxd5 15. e6 fxe6 16. Nb5 Rxf4 17. Nxc7 Qxc7 18. Rac1 Qd8 19. Qe3 Re4 20. Qd2 Qf8 21. g3 Bh6 22. Ng5 Bxg5 23. Qxg5 Rxe2 24. f4 Rc8 25. Qg4 Re4 26. Re1 Rxc1 27. Rxc1 Qf6 28. Rc7 Qxd4+ 29. Kg2 Nf6 30. Qg5 Re2+ 31. Kh3 Qe4 32. Qe5 Qg2+ 33. Kh4 Qxh2+ 34. Kg5 Qh5# 0-1

[Event "HUN-chT2 Toth 1314"]
[Site "Hungary"]
[Date "2013.09.22"]
[Round "2.10"]
[White "Alb, Flavius Robert"]
[Black "Kunos, Zoltan"]
[Result "1/2-1/2"]
[WhiteElo "1724"]
[BlackElo "1688"]
[PlyCount "38"]
[EventDate "2013.09.08"]
[EventType "team-tourn"]
[EventRounds "11"]
[EventCountry "HUN"]
[SourceTitle "EXT 2016"]
[Source "ChessBase"]
[SourceDate "2015.10.08"]
[SourceVersion "1"]
[SourceVersionDate "2015.10.08"]
[SourceQuality "1"]
[WhiteTeam "Gyula"]
[BlackTeam "Oroshaza"]
[WhiteTeamCountry "HUN"]
[BlackTeamCountry "HUN"]

1. e4 e6 2. d3 d5 3. Nd2 Nf6 4. Ngf3 c5 5. Be2 Nc6 6. 0-0 Be7 7. Re1 b6 8. Bf1 Bb7 9. a3 Qc7 10. Qe2 0-0-0 11. Nb3 dxe4 12. dxe4 Nb8 13. Ng5 Rdf8 14. f3 h6 15. Nh3 Rd8 16. Bf4 e5 17. Be3 Nc6 18. c3 g5 19. Nf2 Nb8 1/2-1/2

[Event "HUN-chT2 Toth 1314"]
[Site "Hungary"]
[Date "2013.09.08"]
[Round "1.10"]
[White "Kunos, Zoltan"]
[Black "Farkas, Janos"]
[Result "1-0"]
[WhiteElo "1688"]
[BlackElo "1799"]
[PlyCount "87"]
[EventDate "2013.09.08"]
[EventType "team-tourn"]
[EventRounds "11"]
[EventCountry "HUN"]
[SourceTitle "EXT 2016"]
[Source "ChessBase"]
[SourceDate "2015.10.08"]
[SourceVersion "1"]
[SourceVersionDate "2015.10.08"]
[SourceQuality "1"]
[WhiteTeam "Oroshaza"]
[BlackTeam "Szeged Maroczy II"]
[WhiteTeamCountry "HUN"]
[BlackTeamCountry "HUN"]

1. Nf3 Nf6 2. g3 g6 3. Bg2 Bg7 4. d3 0-0 5. Nbd2 d5 6. c4 c6 7. 0-0 Nbd7 8. cxd5 Nxd5 9. Nc4 Qc7 10. Rb1 b5 11. Ne3 Bb7 12. Nxd5 cxd5 13. Qb3 a6 14. Be3 e5 15. Rfc1 Qd6 16. Bd2 Rfc8 17. Bb4 Qb6 18. Bh3 Rc7 19. Qa3 a5 20. Bd6 Rxc1+ 21. Rxc1 b4 22. Qa4 Qxd6 23. Bxd7 e4 24. dxe4 dxe4 25. Rd1 Qb6 26. Ne1 Bd4 27. e3 Bxb2 28. Be8 Qe6 29. Bxf7+ Qxf7 30. Rd7 Qc4 31. Rxb7 Qe6 32. Rxb4 Re8 33. Rxb2 Kg7 34. Qd4+ Kh6 35. Ng2 Rc8 36. Rb1 Qxa2 37. Qxe4 Rc4 38. Qd3 Rc3 39. Qf1 a4 40. Nf4 a3 41. Qh3+ Kg7 42. Rb7+ Kf8 43. Nxg6+ hxg6 44. Qh6+ 1-0